Joueurs de Minecraft - Statistiques

Statistiques générales
  • Ce quiz a été pris 51 fois
  • Le résultat moyen est 2 sur 9
Statistiques - réponses
Joueur % Correct
Steve
100%
Alex
91%
Makena
9%
Ari
7%
Efe
7%
Kai
7%
Noor
7%
Sunny
7%
Zuri
5%
Aucun quiz correspondant
Distribution des résultats
% des personnes avec chaque résultat
Percentile par nombre de réponses
Votre historique - résultats
Vous n’avez pas pris ce quiz